Vinaya-patrikā : (Record no. 52799)

MARC details
000 -LEADER
fixed length control field 00843cam a22002534a 4500
001 - CONTROL NUMBER
control field sa 62000021
003 - CONTROL NUMBER IDENTIFIER
control field DLC
005 - DATE AND TIME OF LATEST TRANSACTION
control field 20260227111912.0
008 - FIXED-LENGTH DATA ELEMENTS--GENERAL INFORMATION
fixed length control field 840920s1944 ii 000 0 hino
010 ## - LIBRARY OF CONGRESS CONTROL NUMBER
LC control number sa 62000021
040 ## - CATALOGING SOURCE
Original cataloging agency DLC
Transcribing agency DLC
041 0# - LANGUAGE CODE
Language code of text/sound track or separate title hin
-- bra
Language code of original bra
050 00 - LIBRARY OF CONGRESS CALL NUMBER
Classification number PK1967.9.T8
Item number V5365 1944
100 0# - MAIN ENTRY--PERSONAL NAME
Personal name Viyogī Hari,
Dates associated with a name 1895-
245 10 - TITLE STATEMENT
Title Vinaya-patrikā :
Remainder of title saṭīka /
Statement of responsibility, etc. Tulasīdāsa-racita ; [ṭīkākāra] Viyogī Hari.
250 ## - EDITION STATEMENT
Edition statement 4. saṃśodhita saṃskaraṇa.
260 ## - PUBLICATION, DISTRIBUTION, ETC.
Place of publication, distribution, etc. Kāśī :
Name of publisher, distributor, etc. Sāhitya-Sevā-Sadana,
Date of publication, distribution, etc. 2001 [[1944]
300 ## - PHYSICAL DESCRIPTION
Extent 540 p. ;
Dimensions 20 cm.
490 0# - SERIES STATEMENT
Series statement Kāvya-grantha-ratnamālā ;
Volume/sequential designation ratna 6
546 ## - LANGUAGE NOTE
Language note In Hindi and Braj.
500 ## - GENERAL NOTE
General note Includes the Haritoshiṇī commentary.
600 00 - SUBJECT ADDED ENTRY--PERSONAL NAME
Personal name Tulasīdāsa,
Dates associated with a name 1532-1623.
Title of a work Vinayapatrikā.
700 02 - ADDED ENTRY--PERSONAL NAME
Personal name Viyogī Hari,
Dates associated with a name 1895-
Title of a work Haritoshiṇī.

No items available.

Powered by Koha